Datum a čas kvízu
15
Celkem bodů
Celkový počet nahraných bodů na tomto kvízu bez doplňovacích otázek.
3.
Pořadí na kvízu
Konečné umístění týmu na tomto kvízu.
Zaznamenané odpovědi
| # | Otázka | Odpověď | Body | Výsledky |
|---|---|---|---|---|
| 1. | Na středeční mimořádné schůzi... | 0 | ||
| 2. | Za „trapas dne“ označila ruská... | 1 | ||
| 3. | Finské město Oulu v pátek host... | 0 | ||
| 4. | Ruský koncern Kalašnikov předs... | 0 | ||
| 5. | Tým FC Sevilla byl ve čtvrtečn... | 0 | ||
| 6. | Téma o Krtečkovi jste si vybra... | 1 | ||
| 7. | Jak se správně zapisuje jméno... | 0 | ||
| 8. | Příběhy o Krtkovi vznikaly pod... | 0 | ||
| 9. | V jedné z epizod najde Krtek z... | 1 | ||
| 10. | Vrátíme se ještě ke tvůrci Krt... | 0 |